Pathology illustrated. (7th ed.) (Record no. 32310)

MARC details
000 -LEADER
fixed length control field 00725nam a2200205 a 4500
008 - FIXED-LENGTH DATA ELEMENTS--GENERAL INFORMATION
fixed length control field 130516s2011 ||||||||||||||||| || u
020 ## - INTERNATIONAL STANDARD BOOK NUMBER
International Standard Book Number 9780702033766
050 ## - LIBRARY OF CONGRESS CALL NUMBER
Classification number RB 111 Pat
100 ## - MAIN ENTRY--PERSONAL NAME
Personal name Roberts, Kate
245 10 - TITLE STATEMENT
Title Pathology illustrated. (7th ed.)
Statement of responsibility, etc. edited by Robin Reid; (and others)
250 ## - EDITION STATEMENT
Edition statement 7th ed.
260 ## - PUBLICATION, DISTRIBUTION, ETC.
Place of publication, distribution, etc. Edinburgh:
Name of publisher, distributor, etc. Churchill Livingstone/Elsevier
Date of publication, distribution, etc. 2011
300 ## - PHYSICAL DESCRIPTION
Extent xii, 670p.: ill.
500 ## - GENERAL NOTE
General note SCHOOL OF MEDICINE
650 #0 - SUBJECT ADDED ENTRY--TOPICAL TERM
Topical term or geographic name entry element PATHOLOGY
700 ## - ADDED ENTRY--PERSONAL NAME
Personal name Callander, Robin
700 ## - ADDED ENTRY--PERSONAL NAME
Personal name MacDuff, Elaine
700 ## - ADDED ENTRY--PERSONAL NAME
Personal name Reid, Robin
995 ## -
-- SHORT LOAN BOOKS
-- 901993
-- CBU-SCHOOL OF MEDICINE LIBRARY (Ndola)
-- RB 111 Pat
-- 1
-- AVAILABLE
-- May 20, 2013
-- 901993
-- Medical Library Open Access Collection
999 ## -
-- 32310
-- 32310
Holdings
Withdrawn status Lost status Source of classification or shelving scheme Damaged status Not for loan Permanent Location Current Location Shelving location Date acquired Total Checkouts Full call number Barcode Date last seen Price effective from Koha item type
          CBU-SCHOOL OF MEDICINE LIBRARY, NDOLA. CBU-SCHOOL OF MEDICINE LIBRARY, NDOLA.   11/30/2022   RB 111 Pat 901993 11/30/2022 11/30/2022 MONOGRAPH